00361nam a2200145Ia 450000500170000000800410001702000180005808200210007610000200009724500370011725000110015426000290016530000120019444000090020620240626085655.0240126s9999 xx 000 0 und d a9780736066792 a612.76 ENO;1 R aEnoka, Roger M. 0aNeuromechanics of human movement a4th ed bHuman KineticsaUSc2008 aix, 549 aNULL